000 00304nam a22001457a 4500
008 221017b ||||| |||| 00| 0 eng d
020 _a062255362159
041 _aeng
080 _a61
082 _a61
100 _a5
101 _aMEDI
245 _aMEDICAL DICTIONARY
_cWEBSTER'S
942 _2udc
_cBK
999 _c58584
_d58584